000 00366 a2200169 4500
001 183964
020 _a85-08-09762-X
040 _cMagnum
100 _aEliakim, Philipe
240 1 0 _aEu não sou assim!
_lpor
245 1 0 _aEu não sou assim!
300 _a99
362 0 _a2005
440 1 _aÁtica
697 _aLITERATURA JUVENIL ESTRANGEIRA
942 _cBK
999 _c183964
_d183964